000 00635nam a2200169 a 4500
001 BRCA_2121
005 20190320203657.0
008 120808s1991----mx-#---###---#000-0#spa-#
050 4 _aF1391.P8
_b.L43 65
_c1991
100 1 _aEstrada Urroz, Rosalina
_96414
245 1 0 _aIndustrialización y clase obrera en Puebla, 1940-1970
_cRosalina Estrada Urroz.
260 _aPuebla, México
_bGobierno del Estado de Puebla : Secretaría de Cultura : Comisión Puebla V Centenario
_c1991
300 _a29 p.
_c21 cm.
440 0 _aLecturas Históricas de Puebla
_n65
_96415
651 4 _aPuebla (México)
_xHistoria
_y1940-1970
_96416
942 _2lcc
_cB
999 _c1878
_d1878